Melantrichovo album. 1, Album Slávy Macha 1

Main Author: Mach, Pravoslav, 1902-1970
Language: Czech
Published: Praha : Melantrich, c1939
Physical Description: 1 partitura (11 s.)
Musical Score Musical Score
Saved in:
LEADER 00825ncm a22002292a 4500
001 001347462
003 CZ BrMZK
005 20160315111744.0
007 qu
008 131121s1939 xr |||||||||||||||||cze d
040 |a BOA001  |b cze 
072 7 |a 784  |x Vokální hudba  |2 Konspekt  |9 9 
100 1 |a Mach, Pravoslav,  |d 1902-1970  |7 mzk2012712157  |4 cmp 
245 1 0 |a Melantrichovo album.  |n 1,  |p Album Slávy Macha 1  |h [hudebnina] 
260 |a Praha :  |b Melantrich,  |c c1939 
300 |a 1 partitura (11 s.) 
500 |a Zpěv a klavír 
505 0 0 |t České vesničky --  |t Blaničtí rýtíři --  |t Matička měst --  |t Když se srdci stýská --  |t Pojď, panenko, do kola 
910 |a BOA001  |b Mus4-0169.226,1 
990 |a MU 
991 |b 201311 
996 6 |b 2619631302  |c Mus4-0169.226,1  |l MZK  |r Sklad / do 1 hodiny  |n 0  |w 001382267  |u 000010  |a 1  |e BOA001  |j MZK50  |s P